000 00898nam a22002057a 4500
003 OSt
005 20250827112842.0
008 240308b ||||| |||| 00| 0 eng d
040 _c0
082 _aDPer 621.317 Ie21 July 2022 v.37 n. 7
100 _aPribadi, Jonathan.
_eauthor.
_954229
245 _aNovel control scheme for five-level hybrid flying-capacitor inverters without DC-link balancing circuits /
_cJonathan Pribadi, Duc Dung Lee, and Dong-Choon Lee
260 _aNew York ;
_bThe Institute of Electrical and Electronics Engineers, Inc. ,
_cJuly 2022.
300 _avolume 37, pages 8133-8145 :
_billustration ;
_c28 cm.
500 _a IEEE Transactions on Power Electronics, vol. 37, no. 7, pages 8133-8145, July 2022.
700 _aPribadi, Jonathan.
_eauthor.
_954229
700 _aLee, Duc Dung.
_eauthor.
_954230
700 _aLee, Dong-Choon.
_eauthor.
_954231
942 _2ddc
_cPER
999 _c19573
_d19573